Independence by Date from the United Kingdom - Statistics

General Stats
  • This quiz has been taken 550 times
    540 since last reset
  • The average score is 27 of 55
Answer Stats
Date Country % Correct
4th July 1776 United States
99%
Commonly stated as 1st July 1867. Full independence actually 1982 Canada
92%
15th August 1947 India
92%
1st January1901 Australia
90%
No Exact Date - 1907 New Zealand
86%
11th December 1931 South Africa
85%
14th August 1947 Pakistan
78%
24th April 1922 Ireland
68%
6 August 1962 Jamaica
66%
12th December 1963 Kenya
65%
18th April 1980 Zimbabwe
61%
1st October 1960 Nigeria
59%
30th November 1966 Barbados
58%
19th July 1973 Bahamas
54%
6th March 1957 Ghana
54%
19th September 1983 Saint Kitts and Nevis
53%
9 December 1961 Tanzania
52%
4th February 1948 Sri Lanka
51%
1st January 1956 Sudan
51%
24th October 1964 Zambia
51%
31st Auguat 1957 Malaysia
50%
27th October 1979 Saint Vincent and the Grenadines
50%
1st November 1981 Antigua and Barbuda
49%
10th October 1970 Fiji
49%
31 August 1962 Trinidad and Tobago
49%
21st September 1981 Belize
48%
9th October 1962 Uganda
48%
30th September 1966 Botswana
47%
4th October 1966 Lesotho
46%
22nd February 1979 St Lucia
43%
26th May 1966 Guyana
42%
7th February 1974 Grenada
41%
3rd November 1978 Dominica
40%
1st October 1960 Cyprus
39%
21th September 1964 Malta
39%
6th September 1968 Swaziland
39%
6th July 1964 Malawi
38%
4th January 1948 Mayanmar (Burma)
38%
1st October 1978 Tuvalu
38%
18th February 1965 Gambia
36%
31st January 1968 Nauru
35%
12th July 1979 Kiribati
32%
27th April 1961 Sierra Leone
32%
30th July 1980 Vanuatu
32%
30th November 1967 Yemen
32%
29th June 1976 Seychelles
31%
7th July 1978 Solomon Islands
31%
2nd December 1971 United Arab Emirates
31%
19th August 1919 Afghanistan
30%
25th May 1946 Jordan
30%
26th July 1965 Maldives
29%
12th March 1968 Mauritius
28%
25th February 1961 Kuwait
27%
16th December 1971 Bahrain
26%
1st January 1984 Brunei
26%
No matching quizzes found
Score Distribution
Percent of People with Each Score
Percentile by Number Answered
Your Score History
You have not taken this quiz since the last reset